ドボンクイズ〜日本の国立大学〜 - Statistics

General Stats
  • This quiz has been taken 4,805 times
  • The average score is 6 of 20
Answers on the Grid
Answers color-coded by a green-red scale on the quiz's grid according to % correct below.
北海道教育大学
室蘭工科大学
帯広畜産大学
網走工業大学
青森大学
八戸工業大学
宮城大学
山形大学
茨城大学
筑波技術大学
栃木大学
群馬大学
埼玉大学
東京医科歯科大学
東京工業大学
東京学芸大学
東京農業大学
東京海洋大学
東京音楽大学
東京理科大学
一橋大学
電気通信大学
神奈川大学
長岡技術科学大学
長野大学
石川大学
静岡医科大学
愛知教育大学
三重大学
滋賀大学
京都教育大学
大阪医科大学
兵庫教育大学
京都工芸繊維大学
奈良大学
下関教育大学
鳴門教育大学
高松大学
鹿屋体育大学
北九州大学
沖縄大学
 
Answer Stats
Answer % Correct
一橋大学
48%
埼玉大学
38%
山形大学
37%
電気通信大学
32%
茨城大学
31%
三重大学
31%
群馬大学
30%
京都工芸繊維大学
30%
鹿屋体育大学
30%
東京学芸大学
29%
滋賀大学
29%
東京海洋大学
27%
帯広畜産大学
26%
長岡技術科学大学
22%
愛知教育大学
22%
鳴門教育大学
22%
北海道教育大学
21%
京都教育大学
19%
筑波技術大学
15%
兵庫教育大学
14%
No matching quizzes found
Score Distribution
Percent of People with Each Score
Percentile by Number Answered
Your Score History
You have not taken this quiz